| 000 | 00569nam a22001937a 4500 | ||
|---|---|---|---|
| 999 |
_c15222 _d15222 |
||
| 003 | OSt | ||
| 082 | _2631.3 DAN/EV | ||
| 088 | _aP 123 | ||
| 100 |
_aDANIMON K _92795 |
||
| 245 | _aEvaluation of tractor operated puddlers | ||
| 260 |
_aTavanur 2002 _bKelappaji College of Agricultural Engineering and Technology |
||
| 300 | _a65 | ||
| 500 | _aEvaluation of tractor operated puddlers | ||
| 520 | _aEvaluation of tractor operated puddlers | ||
| 700 |
_aNamitha P. K _92805 |
||
| 700 |
_aSajitha M. P _92806 |
||
| 700 |
_aDr. Shaji James P (Guide) _92143 |
||
| 942 | _cPR | ||